| 000 | 00652cam a2200217 4500 | ||
|---|---|---|---|
| 008 | 090401t1986 xxu||||| |||| 00| 0 eng d | ||
| 020 | _a0854063080 | ||
| 035 | _a(Sirsi) u42467 | ||
| 041 | _aeng | ||
| 050 | _a630.026 | ||
| 090 | _a630.026 | ||
| 090 | _aRICS 1986/18 ABCD | ||
| 100 | _aTroup, Donald | ||
| 245 | _aAgricultural Holdings Act 1984: a supplement to provide references to the Agricultural Holdings Act 1986 | ||
| 260 |
_aLondon _bSurveyors Publications _c1986 |
||
| 300 | _a6p. ; 21cm. | ||
| 350 | _a2.75 | ||
| 520 | _aPublished on behalf of the Royal Institution of Chartered Surveyors . | ||
| 942 | _n0 | ||
| 948 | _c04/03/1997 | ||
| 999 |
_c91130 _d91130 |
||